<?xml version="1.0" encoding="UTF-8"?><?xml-stylesheet type="text/xsl" href="static/style.xsl"?><OAI-PMH xmlns="http://www.openarchives.org/OAI/2.0/" xmlns:xsi="http://www.w3.org/2001/XMLSchema-instance" xsi:schemaLocation="http://www.openarchives.org/OAI/2.0/ http://www.openarchives.org/OAI/2.0/OAI-PMH.xsd"><responseDate>2026-04-18T08:18:48Z</responseDate><request verb="GetRecord" identifier="oai:www.recercat.cat:10256/22789" metadataPrefix="marc">https://recercat.cat/oai/request</request><GetRecord><record><header><identifier>oai:recercat.cat:10256/22789</identifier><datestamp>2025-10-01T23:41:20Z</datestamp><setSpec>com_2072_452955</setSpec><setSpec>com_2072_2054</setSpec><setSpec>col_2072_453035</setSpec></header><metadata><record xmlns="http://www.loc.gov/MARC21/slim" xmlns:dcterms="http://purl.org/dc/terms/" xmlns:xsi="http://www.w3.org/2001/XMLSchema-instance" xmlns:doc="http://www.lyncode.com/xoai" xsi:schemaLocation="http://www.loc.gov/MARC21/slim http://www.loc.gov/standards/marcxml/schema/MARC21slim.xsd">
   <leader>00925njm 22002777a 4500</leader>
   <datafield ind2=" " ind1=" " tag="042">
      <subfield code="a">dc</subfield>
   </datafield>
   <datafield ind2=" " ind1=" " tag="720">
      <subfield code="a">Carreras Simó, Miquel</subfield>
      <subfield code="e">author</subfield>
   </datafield>
   <datafield ind2=" " ind1=" " tag="720">
      <subfield code="a">Codinach Segura, Sandra</subfield>
      <subfield code="e">author</subfield>
   </datafield>
   <datafield ind2=" " ind1=" " tag="720">
      <subfield code="a">Filimon, Nela</subfield>
      <subfield code="e">author</subfield>
   </datafield>
   <datafield ind2=" " ind1=" " tag="720">
      <subfield code="a">Fusté-Forné, Francesc</subfield>
      <subfield code="e">author</subfield>
   </datafield>
   <datafield ind2=" " ind1=" " tag="260">
      <subfield code="c">2023-03</subfield>
   </datafield>
   <datafield ind2=" " ind1=" " tag="520">
      <subfield code="a">Fishing is an important source of income on the Costa Brava and it is a meaningful historical and social identity marker that represents an extremely valuable tangible and intangible heritage. The aim of this paper is to determine the profile of consumers who purchase fish in traditional fishmongers in municipalities on the Costa Brava (Catalonia). Between March and May 2021, 420 surveys were conducted on customers of traditional fish shops in fourteen towns in the Costa Brava (Catalonia), in the north-eastern area of the Iberian Peninsula. While a significant bulk of research is based on consumers' purchasing intentions, this research uses information on consumers' 'actual purchasing behaviour', generally recommended as a better predictor of behaviour. Moreover, we rely on geographic location of the fishmongers and type of fish purchased, less used variables, to assess purchasing patterns. Drawing on univariate and multivariate analyses, results also show that fish consumers' purchasing profiles depend on age, gender, motivations, and price. Although the characteristics of the dataset are limiting the generalization of the results, this research contributes to expanding the understanding of local foods consumers. Theoretical and practical implications, and opportunities for future research are described in order to improve the marketing of local food production and consumption</subfield>
   </datafield>
   <datafield tag="653" ind2=" " ind1=" ">
      <subfield code="a">Consumidors -- Conducta -- Catalunya -- Costa Brava</subfield>
   </datafield>
   <datafield tag="653" ind2=" " ind1=" ">
      <subfield code="a">Consumer behavior -- Catalonia -- Costa Brava</subfield>
   </datafield>
   <datafield tag="653" ind2=" " ind1=" ">
      <subfield code="a">Consumidors -- Preferències -- Catalunya -- Costa Brava</subfield>
   </datafield>
   <datafield tag="653" ind2=" " ind1=" ">
      <subfield code="a">Consumers' preferences -- Catalonia -- Costa Brava</subfield>
   </datafield>
   <datafield tag="653" ind2=" " ind1=" ">
      <subfield code="a">Peix -- Comerç</subfield>
   </datafield>
   <datafield tag="653" ind2=" " ind1=" ">
      <subfield code="a">Fish trade</subfield>
   </datafield>
   <datafield ind2="0" ind1="0" tag="245">
      <subfield code="a">Exploring consumer preferences for local food: The case of traditional coastal fishmongers in Costa Brava (Catalonia, Spain)</subfield>
   </datafield>
</record></metadata></record></GetRecord></OAI-PMH>